[Event "Xtracon Chess Open 2016"]
[Site "Elsinore"]
[Date "2016.07.27"]
[Round "6.127"]
[White "Nielsen, Angelo"]
[Black "Linderod, Lars Erik"]
[Result "0-1"]
[WhiteElo "1747"]
[BlackElo "1935"]
[PlyCount "100"]
[EventDate "2016.07.23"]

1. d4 g6 2. Nf3 d6 3. Bf4 Bg7 4. e3 f5 5. Be2 Nf6 6. h3 O-O 7. O-O Qe8 8. c4 h6
9. Nc3 c6 10. Qb3 Nbd7 11. Rac1 g5 12. Bh2 Kh8 13. Bd3 Nb6 14. c5 g4 15. Nh4
Qh5 16. Bg3 dxc5 17. hxg4 Qxg4 18. Be2 Qg5 19. Nf3 Qg6 20. Ne5 Qe8 21. dxc5
Nbd7 22. Qc4 Nd5 23. Nxd7 Nxc3 24. Nxf8 Nxe2+ 25. Qxe2 Qxf8 26. Rfd1 Be6 27. b3
Bd5 28. f3 Bf6 29. Kf2 Qg7 30. Rh1 Rg8 31. Rh3 f4 32. Rch1 fxg3+ 33. Kf1 Bg5
34. f4 Qa1+ 35. Qe1 Qxe1+ 36. Kxe1 Bxg2 37. fxg5 Bxh3 38. Rxh3 Rxg5 39. Kf1 g2+
40. Kg1 Kg7 41. b4 h5 42. e4 Kg6 43. Rd3 h4 44. a4 Rg4 45. Re3 Kg5 46. b5 a6
47. Rb3 Rg3 48. bxc6 bxc6 49. Rb8 h3 50. Rg8+ Kf4 0-1

[Event "Xtracon Chess Open 2016"]
[Site "Elsinore"]
[Date "2016.07.27"]
[Round "6.128"]
[White "Saltvedt, Martin"]
[Black "Pedersen, Kim Michael"]
[Result "1/2-1/2"]
[WhiteElo "1935"]
[BlackElo "1745"]
[PlyCount "68"]
[EventDate "2016.07.23"]

1. d4 d5 2. Nf3 c6 3. Bf4 Qb6 4. Qc1 Nf6 5. Nbd2 Bf5 6. e3 e6 7. Nh4 Bg6 8.
Nxg6 hxg6 9. c4 dxc4 10. Bxc4 Nbd7 11. O-O Nh5 12. Bg5 Nhf6 13. f4 Bb4 14. Nf3
Qa5 15. a3 Be7 16. Qc2 Qd8 17. Rae1 Nb6 18. Bb3 Nbd7 19. h3 Nh5 20. e4 Nhf6 21.
Qf2 Qb6 22. Bc4 O-O-O 23. Qc2 Kb8 24. Bh4 Rh6 25. Bf2 Qc7 26. Ng5 Rf8 27. Bg3
Ka8 28. Rf3 Qb6 29. Bf2 Qd8 30. Rd1 Nb6 31. Bb3 Nh7 32. Ba4 Bxg5 33. fxg5 Nxg5
34. Rfd3 Nxe4 1/2-1/2

[Event "Xtracon Chess Open 2016"]
[Site "Elsinore"]
[Date "2016.07.27"]
[Round "6.129"]
[White "Werner, Jakob"]
[Black "Westerlund, Ola"]
[Result "1/2-1/2"]
[WhiteElo "1733"]
[BlackElo "1930"]
[PlyCount "96"]
[EventDate "2016.07.23"]

1. d4 d6 2. c4 g6 3. Nc3 Bg7 4. e4 Nd7 5. Be3 e5 6. Nge2 Ngf6 7. f3 O-O 8. Qd2
c6 9. Ng3 Qc7 10. Be2 h5 11. d5 a5 12. h4 Nc5 13. O-O Kh7 14. Rfd1 cxd5 15.
cxd5 b6 16. Rac1 Ne8 17. Bb5 Bd7 18. Bg5 f6 19. Be3 Bxb5 20. Nxb5 Qd7 21. Na3
Nc7 22. Nc4 Rfb8 23. Ne2 Bf8 24. Rc2 Be7 25. Rdc1 N7a6 26. Rc3 Nb4 27. b3 Bf8
28. a3 Nba6 29. Qc2 Qd8 30. Nb2 Bh6 31. Bxh6 Kxh6 32. Nd3 Kg7 33. Ng3 Rb7 34.
Nf1 Rc7 35. Ne3 Raa7 36. Nxc5 Rxc5 37. Rxc5 bxc5 38. Qc4 Qd7 39. Nd1 Nc7 40. b4
axb4 41. axb4 Ra4 42. Rb1 Rxb4 43. Rxb4 cxb4 44. Qxb4 f5 45. Qb7 f4 46. Nc3 Qf7
47. Kf2 Kf8 48. Na4 Qe7 1/2-1/2

[Event "Xtracon Chess Open 2016"]
[Site "Elsinore"]
[Date "2016.07.27"]
[Round "6.130"]
[White "Bennett, Owen"]
[Black "Bosselmann, Tom Linus"]
[Result "0-1"]
[WhiteElo "1741"]
[BlackElo "1928"]
[PlyCount "96"]
[EventDate "2016.07.23"]

1. d4 Nf6 2. c4 e6 3. Nc3 Bb4 4. e3 O-O 5. Bd3 d5 6. Qc2 b6 7. Nf3 Bb7 8. a3
Bxc3+ 9. bxc3 c5 10. O-O Ne4 11. Bb2 f5 12. Ne5 Nd7 13. f4 Nxe5 14. dxe5 Qe7
15. Rad1 Rfd8 16. Qb3 Rab8 17. Bc1 b5 18. Bxe4 bxc4 19. Qa4 fxe4 20. Qxa7 Ra8
21. Qb6 Rab8 22. Qb2 Ba6 23. Qa1 Rb3 24. Rf2 Rdb8 25. Bb2 Qb7 26. Rdd2 d4 27.
Rc2 dxc3 28. Bc1 Rb1 29. Qxc3 Qb3 30. Rfd2 Qxc3 31. Rxc3 R8b3 32. Rdc2 Kf7 33.
Kf2 h6 34. h4 Rb7 35. Rd2 R1b6 36. h5 Ke7 37. Ke2 Rd7 38. Rxd7+ Kxd7 39. Kd2
Kc6 40. Rc2 Rb7 41. Ke1 Rb3 42. Kf2 c3 43. Ke1 Bd3 44. Rf2 c4 45. g4 c2 46. f5
c3 47. f6 gxf6 48. exf6 Rb1 0-1

[Event "Xtracon Chess Open 2016"]
[Site "Elsinore"]
[Date "2016.07.27"]
[Round "6.131"]
[White "Jarlnaes, Erik"]
[Black "Andersen, Johnny"]
[Result "1-0"]
[WhiteElo "1928"]
[BlackElo "1740"]
[PlyCount "81"]
[EventDate "2016.07.23"]

1. e4 b6 2. Nc3 Bb7 3. Nf3 e6 4. d4 Nf6 5. Bg5 Bb4 6. e5 h6 7. Bh4 g5 8. Nxg5
Ne4 9. Ngxe4 Qxh4 10. Nf6+ Ke7 11. Qg4 Qxg4 12. Nxg4 Nc6 13. O-O-O Bxc3 14.
bxc3 d6 15. f4 Na5 16. Rg1 Bd5 17. Kb1 Nc4 18. Bxc4 Bxc4 19. Ne3 Ba6 20. g4 Bb7
21. f5 Be4 22. fxe6 fxe6 23. Rdf1 Raf8 24. Kc1 d5 25. Kd2 c5 26. dxc5 bxc5 27.
Rxf8 Rxf8 28. Rf1 Rxf1 29. Nxf1 Bf3 30. Ne3 d4 31. cxd4 cxd4 32. Nc4 Bxg4 33.
Nd6 a6 34. Kd3 Bd1 35. Ne4 a5 36. Nf2 Bf3 37. Kxd4 Kd7 38. Kc5 Bc6 39. Ng4 Ba4
40. c3 h5 41. Nf6+ 1-0

[Event "Xtracon Chess Open 2016"]
[Site "Elsinore"]
[Date "2016.07.27"]
[Round "6.132"]
[White "Meyer, Juergen"]
[Black "Nielsen, Jorgen Kamp"]
[Result "1/2-1/2"]
[WhiteElo "1925"]
[BlackElo "1727"]
[PlyCount "84"]
[EventDate "2016.07.23"]

1. e4 e6 2. d4 d5 3. Nc3 Nf6 4. Bg5 Bb4 5. e5 h6 6. exf6 hxg5 7. fxg7 Rg8 8. h4
gxh4 9. Qg4 Qf6 10. Rxh4 Qxg7 11. Qxg7 Rxg7 12. Rh8+ Kd7 13. O-O-O b6 14. f4
Nc6 15. Nf3 f6 16. f5 Bb7 17. Rh5 Ne7 18. fxe6+ Kxe6 19. g4 Bd6 20. Bh3 Bf4+
21. Kb1 Bg5 22. Re1+ Kd6 23. Nxg5 fxg5 24. Re5 Rag8 25. Bg2 c6 26. b4 a6 27.
Bf3 c5 28. bxc5+ bxc5 29. Re1 cxd4 30. Ne2 Nc6 31. Ng3 Bc8 32. Nf5+ Bxf5 33.
gxf5 g4 34. Bg2 Re7 35. Rh6+ Kd7 36. Rxe7+ Nxe7 37. Rxa6 Nxf5 38. Bxd5 Rb8+ 39.
Kc1 Ne3 40. Be4 Rg8 41. Ra4 g3 42. Rxd4+ Kc7 1/2-1/2

[Event "Xtracon Chess Open 2016"]
[Site "Elsinore"]
[Date "2016.07.27"]
[Round "6.133"]
[White "Keen, Cosima"]
[Black "Mansoor, Afras"]
[Result "0-1"]
[WhiteElo "1918"]
[BlackElo "1719"]
[PlyCount "62"]
[EventDate "2016.07.23"]

1. e4 c6 2. d4 d5 3. e5 Bf5 4. h4 Qb6 5. g4 Bd7 6. c3 e6 7. f4 c5 8. Nf3 Nc6 9.
b3 cxd4 10. Nxd4 Nxd4 11. Qxd4 Bc5 12. Qd2 d4 13. Rh3 Bc6 14. cxd4 Bxd4 15. Nc3
Nh6 16. Rd3 Rd8 17. Be2 O-O 18. Ba3 Bxc3 19. Qxc3 Rxd3 20. Bxd3 Qe3+ 21. Kd1
Rd8 22. Bd6 Be4 23. Kc2 Bxd3+ 24. Kb2 Qe2+ 25. Ka3 Be4 26. Re1 Qa6+ 27. Kb2 Bd5
28. Qc7 Re8 29. Bb4 Qc6 30. Qa5 Rc8 31. Qxa7 b6 0-1

[Event "Xtracon Chess Open 2016"]
[Site "Elsinore"]
[Date "2016.07.27"]
[Round "6.134"]
[White "Stuhr, Peter Sebastian"]
[Black "Brokso, Kim"]
[Result "0-1"]
[WhiteElo "1918"]
[BlackElo "1713"]
[PlyCount "108"]
[EventDate "2016.07.23"]

1. e4 c5 2. Nc3 Nc6 3. f4 e6 4. Bb5 Nd4 5. a4 a6 6. Bc4 Ne7 7. e5 Rb8 8. Ne4
Nec6 9. c3 Nf5 10. Nf3 d5 11. exd6 Nxd6 12. Nxd6+ Bxd6 13. d4 O-O 14. O-O cxd4
15. cxd4 Qc7 16. Ng5 Nxd4 17. Qh5 h6 18. Bd3 Nf5 19. Ne4 Bc5+ 20. Kh1 Bd4 21.
g4 Nd6 22. g5 Qc6 23. Qf3 hxg5 24. Nxd6 Qxd6 25. fxg5 g6 26. Bf4 e5 27. Bg3 b6
28. Be4 Be6 29. Qd3 Bc5 30. Qe2 Bd5 31. Rad1 Bxe4+ 32. Qxe4 Qe7 33. Rf6 Qb7 34.
Rd5 Rbd8 35. Rxe5 Rd1+ 36. Kg2 Qxe4+ 37. Rxe4 Rd2+ 38. Kf3 Rxb2 39. Be5 Rb3+
40. Kg2 Re8 41. Rff4 Re3 42. Rxe3 Bxe3 43. Re4 Bxg5 44. Kf3 f6 45. Bc7 Rxe4 46.
Kxe4 b5 47. axb5 axb5 48. Kd3 f5 49. Bd6 Kf7 50. Kd4 Be7 51. Bg3 Ke6 52. h4 Bd6
53. Be1 b4 54. Bd2 b3 0-1

[Event "Xtracon Chess Open 2016"]
[Site "Elsinore"]
[Date "2016.07.27"]
[Round "6.135"]
[White "Undheim, Bjarne"]
[Black "Shehzad, Shazil"]
[Result "1/2-1/2"]
[WhiteElo "1910"]
[BlackElo "1711"]
[PlyCount "84"]
[EventDate "2016.07.23"]

1. e4 c5 2. Nf3 d6 3. Bb5+ Bd7 4. Bxd7+ Qxd7 5. O-O Nf6 6. Re1 Nc6 7. d4 cxd4
8. Nxd4 g6 9. c3 Bg7 10. Nd2 O-O 11. N2f3 Rac8 12. Bg5 a6 13. Qd2 Na5 14. b3 b5
15. e5 dxe5 16. Nxe5 Qc7 17. Rac1 e6 18. Bf4 Qd6 19. Be3 Qc7 20. Bf4 Qb6 21.
Be3 Qd8 22. Bg5 Nb7 23. Ng4 h5 24. Ne5 Qd6 25. Bf4 Nd5 26. Nxg6 Nxf4 27. Nxf4
e5 28. Nxh5 exd4 29. Re4 Qg6 30. Rh4 Qh6 31. Qe1 Rc6 32. g3 f5 33. Nf4 Qg5 34.
cxd4 Rh6 35. Rxh6 Qxh6 36. d5 Qd6 37. Rc6 Qd7 38. Ne6 Rc8 39. Qc1 Re8 40. Rc7
Qxd5 41. Rxg7+ Kh8 42. Rxb7 Qxb7 1/2-1/2

[Event "Xtracon Chess Open 2016"]
[Site "Elsinore"]
[Date "2016.07.27"]
[Round "6.136"]
[White "Nielsen, Thomas"]
[Black "Christiansen, Torsten Sundgaar"]
[Result "1-0"]
[WhiteElo "1906"]
[BlackElo "1708"]
[PlyCount "99"]
[EventDate "2016.07.23"]

1. d4 d5 2. c4 c6 3. Nc3 f5 4. Nh3 Nf6 5. f3 dxc4 6. a4 Be6 7. Ng5 Bg8 8. e4 h6
9. Nh3 Qd7 10. e5 Nd5 11. f4 b5 12. Be2 g6 13. O-O b4 14. Nb1 Nc7 15. Be3 a5
16. Qc2 Nd5 17. Bf2 b3 18. Qc1 Nb4 19. Na3 Bd5 20. Bxc4 e6 21. Qc3 N8a6 22.
Bxb3 Bxb3 23. Qxb3 Qd5 24. Qg3 Kf7 25. Rac1 Be7 26. Nc4 Rab8 27. b3 Rhc8 28.
Rfd1 Na2 29. Rc2 N6b4 30. Re2 Rc7 31. Be1 c5 32. Nxa5 cxd4 33. Nc4 d3 34. Rb2
Rxc4 35. bxc4 Qxc4 36. Nf2 Qd4 37. Rb3 Rd8 38. Kh1 Nc1 39. Rxc1 d2 40. Bxd2
Qxd2 41. Qe3 Qxe3 42. Rxe3 Rd2 43. Rf3 Nc2 44. Rd1 Re2 45. Nd3 Nd4 46. Rf2 Re3
47. Rb2 Bd8 48. g3 g5 49. Nc5 Nc6 50. Rd6 1-0

[Event "Xtracon Chess Open 2016"]
[Site "Elsinore"]
[Date "2016.07.27"]
[Round "6.137"]
[White "Janse, Sebastiaan"]
[Black "Tolba, Henri"]
[Result "1/2-1/2"]
[WhiteElo "1903"]
[BlackElo "1688"]
[PlyCount "64"]
[EventDate "2016.07.23"]

1. e4 c5 2. Nc3 Nc6 3. f4 g6 4. Nf3 d6 5. Bc4 Bg7 6. O-O e6 7. d3 Nge7 8. Qe1
a6 9. Qh4 Nd4 10. Nxd4 Bxd4+ 11. Kh1 Bd7 12. Ne2 Bg7 13. c3 Nc6 14. Qxd8+ Rxd8
15. Bb3 b5 16. Ng3 Bc8 17. f5 gxf5 18. exf5 Be5 19. fxe6 Bxe6 20. Bxe6 fxe6 21.
Bg5 Rd7 22. Ne4 Rf7 23. Rxf7 Kxf7 24. Rf1+ Kg6 25. Be3 Ne7 26. Ng5 Nf5 27. Bd2
Ng7 28. Nf7 Rb8 29. Nxe5+ dxe5 30. g4 Rd8 31. Be3 Rxd3 32. Bxc5 h5 1/2-1/2

[Event "Xtracon Chess Open 2016"]
[Site "Elsinore"]
[Date "2016.07.27"]
[Round "6.138"]
[White "Joensson, Jacob"]
[Black "Lunde, Sigmund"]
[Result "1/2-1/2"]
[WhiteElo "1680"]
[BlackElo "1894"]
[PlyCount "78"]
[EventDate "2016.07.23"]

1. d4 b6 2. e4 e6 3. c4 Bb7 4. Nc3 d6 5. Bd3 Nf6 6. Nge2 Be7 7. O-O e5 8. d5
Nbd7 9. Rb1 Nc5 10. b4 Nxd3 11. Qxd3 Qd7 12. f3 h6 13. Ng3 g6 14. Be3 c6 15.
dxc6 Bxc6 16. Rfc1 Kf8 17. Nd5 Kg7 18. Nxf6 Kxf6 19. b5 Bb7 20. c5 bxc5 21.
Bxc5 Qe6 22. Bb4 Rhc8 23. a4 Rxc1+ 24. Rxc1 Rc8 25. Rxc8 Bxc8 26. Ne2 Qa2 27.
Bxd6 Bxd6 28. Qxd6+ Be6 29. Qd1 Bb3 30. Qd6+ Be6 31. Kf2 Qxa4 32. b6 axb6 33.
Qxb6 Qd1 34. Qb5 Qc2 35. Qb6 h5 36. h4 Kg7 37. Qe3 Bc4 38. g3 Bd3 39. Ke1 Bxe2
1/2-1/2

[Event "Xtracon Chess Open 2016"]
[Site "Elsinore"]
[Date "2016.07.27"]
[Round "6.140"]
[White "Andersen, Daniel"]
[Black "Hansen, Simon L"]
[Result "0-1"]
[WhiteElo "1875"]
[BlackElo "1636"]
[PlyCount "198"]
[EventDate "2016.07.23"]

1. d4 Nf6 2. c4 g6 3. f3 Bg7 4. e4 d6 5. Nc3 O-O 6. Be3 Nbd7 7. Qd2 c5 8. Nge2
Nb6 9. Ng3 cxd4 10. Bxd4 Be6 11. b3 Rc8 12. Be2 Ne8 13. Bxg7 Nxg7 14. O-O f5
15. exf5 Bxf5 16. Nxf5 Nxf5 17. Bd3 Qc7 18. Bxf5 Rxf5 19. Rfe1 Rd8 20. Qe2 Re5
21. Qd2 Rf5 22. Rad1 Rd7 23. Nb5 Qc5+ 24. Qd4 a6 25. Qxc5 Rxc5 26. Nc3 Nc8 27.
a4 Na7 28. Nd5 Nc8 29. Nc3 Na7 30. Rd5 b6 31. Red1 Nc8 32. Ne4 Rxd5 33. Rxd5
Rb7 34. Nc3 Kf7 35. Kf2 Rc7 36. Ke3 e6 37. Rd3 h6 38. g4 Rd7 39. f4 Ne7 40. Kd2
Nc6 41. Rf3 Nd4 42. Rd3 Nxb3+ 43. Kc2 Na5 44. Rd4 Nc6 45. Re4 d5 46. cxd5 exd5
47. Re1 d4 48. Ne4 d3+ 49. Kd2 Nd4 50. Re3 Nb3+ 51. Kd1 Rd4 52. Nc3 Rxf4 53.
Rxd3 Nc5 54. Rd6 Nxa4 55. Nxa4 Rxa4 56. Rxb6 Rxg4 57. Rxa6 Rg1+ 58. Ke2 Rg2+
59. Kf3 Rxh2 60. Ra7+ Kf6 61. Ra6+ Kg5 62. Ra5+ Kh4 63. Ra4+ Kh5 64. Kg3 Rb2
65. Rh4+ Kg5 66. Rg4+ Kf5 67. Rf4+ Ke5 68. Rf3 Rb4 69. Rf8 h5 70. Rf7 Rg4+ 71.
Kf3 g5 72. Re7+ Kf6 73. Rc7 Ra4 74. Kg3 Kg6 75. Rb7 Rf4 76. Rb6+ Rf6 77. Rb5
h4+ 78. Kg4 Rf4+ 79. Kh3 Kh5 80. Rb2 Rf3+ 81. Kg2 Kg4 82. Rb4+ Rf4 83. Rb2 h3+
84. Kh2 Kh4 85. Kg1 Kg3 86. Rc2 Rf3 87. Ra2 Rb3 88. Ra1 g4 89. Rc1 Re3 90. Rf1
Re2 91. Ra1 Kf3 92. Ra3+ Re3 93. Ra1 g3 94. Rf1+ Ke2 95. Rf8 Ke1 96. Rf1+ Kd2
97. Ra1 Re1+ 98. Rxe1 Kxe1 99. Kh1 g2+ 0-1

[Event "Xtracon Chess Open 2016"]
[Site "Elsinore"]
[Date "2016.07.27"]
[Round "6.141"]
[White "Skovgaard, Andreas"]
[Black "Rygg, Andreas Gangstad"]
[Result "1-0"]
[WhiteElo "1868"]
[BlackElo "1631"]
[PlyCount "43"]
[EventDate "2016.07.23"]

1. d4 Nf6 2. Nf3 c5 3. d5 b5 4. Bg5 Qa5+ 5. c3 d6 6. Bxf6 gxf6 7. e4 Bg7 8. Bd3
b4 9. O-O bxc3 10. Nxc3 f5 11. e5 dxe5 12. Nh4 e4 13. d6 exd3 14. Qf3 Qb4 15.
Qxa8 Qxh4 16. d7+ Kxd7 17. Qxa7+ Ke6 18. Rfe1+ Be5 19. Qb6+ Kd7 20. Rxe5 Rg8
21. Rd5+ Ke8 22. Rd8# 1-0

[Event "Xtracon Chess Open 2016"]
[Site "Elsinore"]
[Date "2016.07.27"]
[Round "6.142"]
[White "Madsen, Svend"]
[Black "Dittrich, Tom"]
[Result "0-1"]
[WhiteElo "1638"]
[BlackElo "1864"]
[PlyCount "92"]
[EventDate "2016.07.23"]

1. b3 e5 2. Bb2 Nc6 3. e3 Nf6 4. Nf3 Bd6 5. Be2 O-O 6. O-O Re8 7. d3 e4 8. Nfd2
exd3 9. cxd3 Bf8 10. Na3 d5 11. Nc2 Bd6 12. Bf3 Ne5 13. Be2 c6 14. Nf3 Ng6 15.
Rb1 Qe7 16. Qd2 Bf5 17. Nfd4 Bd7 18. Nf3 Nf4 19. exf4 Qxe2 20. Bxf6 Qxd2 21.
Nxd2 gxf6 22. g3 Bf5 23. Rfe1 Bxd3 24. Rxe8+ Rxe8 25. Re1 Rxe1+ 26. Nxe1 Bf5
27. Nef3 Bb4 28. Nd4 Bd3 29. N4f3 Kf8 30. h3 Ke7 31. g4 Bxd2 32. Nxd2 a5 33. f3
c5 34. Kf2 Kd6 35. Ke3 Bb5 36. f5 a4 37. f4 axb3 38. axb3 Bd7 39. Kd3 b5 40.
Kc3 d4+ 41. Kd3 Kd5 42. h4 c4+ 43. bxc4+ bxc4+ 44. Ke2 Bb5 45. Kf3 c3 46. Nb1
c2 0-1

[Event "Xtracon Chess Open 2016"]
[Site "Elsinore"]
[Date "2016.07.27"]
[Round "6.144"]
[White "Grotle, Ramona"]
[Black "Kyrkjebo, Marte Bakken"]
[Result "1/2-1/2"]
[WhiteElo "1632"]
[BlackElo "1860"]
[PlyCount "53"]
[EventDate "2016.07.23"]

1. e4 e5 2. Nf3 Nc6 3. d4 exd4 4. Nxd4 Bc5 5. Be3 Qf6 6. c3 Nge7 7. Bc4 Ne5 8.
Be2 Qg6 9. O-O d6 10. Kh1 O-O 11. f3 d5 12. Nd2 Bb6 13. a4 a6 14. b4 dxe4 15.
Nxe4 Nd5 16. Bf2 Nf4 17. Bg3 Nxe2 18. Qxe2 Nc6 19. Bf2 Bxd4 20. Bxd4 Nxd4 21.
cxd4 Be6 22. Rac1 c6 23. Nc5 Rab8 24. Rfe1 Rfe8 25. Rc3 Red8 26. Qe5 Qf5 27.
Qc7 1/2-1/2

[Event "Xtracon Chess Open 2016"]
[Site "Elsinore"]
[Date "2016.07.27"]
[Round "6.145"]
[White "Skjoldager, Morten"]
[Black "Overgaard, Jorgen"]
[Result "0-1"]
[WhiteElo "1629"]
[BlackElo "1854"]
[PlyCount "46"]
[EventDate "2016.07.23"]

1. e4 e5 2. Nf3 Nc6 3. Bc4 Nf6 4. Nc3 Nxe4 5. Nxe4 d5 6. Bd3 dxe4 7. Bxe4 Bd6
8. O-O O-O 9. h3 Bd7 10. c3 f5 11. Bd5+ Kh8 12. d3 Qe8 13. Nh2 Qg6 14. Bf3 Qf6
15. Be3 Rad8 16. Qb3 b6 17. Rad1 Qg6 18. Kh1 e4 19. Be2 f4 20. Bc1 f3 21. gxf3
Bxh2 22. Kxh2 exf3 23. Bxf3 Rxf3 0-1

[Event "Xtracon Chess Open 2016"]
[Site "Elsinore"]
[Date "2016.07.27"]
[Round "6.146"]
[White "Vestjord, Harald Christian"]
[Black "Svensson, Erik"]
[Result "1-0"]
[WhiteElo "1608"]
[BlackElo "1848"]
[PlyCount "81"]
[EventDate "2016.07.23"]

1. d4 d5 2. c4 c6 3. Nc3 Nf6 4. Bf4 dxc4 5. a4 Bf5 6. e3 e6 7. Bxc4 Bb4 8. Nge2
O-O 9. O-O a5 10. f3 Bg6 11. e4 Nbd7 12. Be3 e5 13. d5 Qe7 14. dxc6 bxc6 15.
Kh1 Rfd8 16. Qc2 Rab8 17. Rfd1 Bc5 18. Bxc5 Qxc5 19. Ba2 Bxe4 20. fxe4 Ng4 21.
Rf1 Ndf6 22. Ng3 Ne3 23. Qe2 Nxf1 24. Rxf1 Rd7 25. Rxf6 Rbd8 26. Rf1 Rd2 27.
Rd1 Rxd1+ 28. Nxd1 Qc1 29. Bb3 Rd2 30. Qf1 Kh8 31. Qxf7 Rxd1+ 32. Bxd1 Qxd1+
33. Qf1 Qd6 34. Nf5 Qc5 35. Qd1 h6 36. b3 Kh7 37. h3 Qc3 38. Kh2 c5 39. Qd7 Kg6
40. Qxg7+ Kh5 41. Qg4# 1-0

[Event "Xtracon Chess Open 2016"]
[Site "Elsinore"]
[Date "2016.07.27"]
[Round "6.147"]
[White "Nilssen, Steinar"]
[Black "Larsen, Preben R"]
[Result "0-1"]
[WhiteElo "1575"]
[BlackElo "1846"]
[PlyCount "123"]
[EventDate "2016.07.23"]

1. e4 e5 2. Nf3 Nc6 3. g3 Bc5 4. Bg2 d6 5. b3 Nf6 6. d3 Bg4 7. c3 Qd7 8. h3 Bh5
9. g4 Bg6 10. O-O h6 11. Ba3 O-O-O 12. b4 Bb6 13. Nbd2 a6 14. Nc4 Ba7 15. Bc1
b5 16. Na5 d5 17. Nxc6 Qxc6 18. Qe1 Rhe8 19. d4 exd4 20. e5 Bd3 21. cxd4 Nd7
22. Be3 Bxf1 23. Bxf1 Nb6 24. Nd2 Qc3 25. Nb3 Qxe1 26. Rxe1 Nc4 27. Bf4 Re6 28.
Nc5 Bxc5 29. bxc5 f6 30. Bd3 Kb7 31. Bf5 Re7 32. Bg3 fxe5 33. dxe5 Kc6 34. f4
Kxc5 35. Bg6 Rb8 36. e6 Rb6 37. f5 Nd6 38. Bh4 Nc8 39. Bxe7+ Nxe7 40. Bf7 Kd6
41. Be8 c5 42. h4 Rb8 43. Bf7 d4 44. g5 hxg5 45. hxg5 Nxf5 46. e7 Nxe7 47. Re6+
Kd7 48. Rxa6 Nc6 49. Ra3 Rf8 50. g6 c4 51. Kf2 Ne5 52. Ra7+ Kd6 53. Ke2 Nxf7
54. gxf7 Ke6 55. Rb7 Rxf7 56. Rxb5 Ra7 57. Rb2 Kd5 58. Kd1 c3 59. Rg2 Kc4 60.
a4 Kb3 61. Kc1 Rxa4 62. Rxg7 0-1

[Event "Xtracon Chess Open 2016"]
[Site "Elsinore"]
[Date "2016.07.27"]
[Round "6.148"]
[White "Madison, Sigurd"]
[Black "Merkesvik, Amalie Isabel"]
[Result "0-1"]
[WhiteElo "1846"]
[BlackElo "1574"]
[PlyCount "106"]
[EventDate "2016.07.23"]

1. Nf3 c5 2. c4 Nf6 3. Nc3 d6 4. g3 g6 5. Bg2 Bg7 6. O-O O-O 7. d3 Nc6 8. Bg5
Re8 9. Qd2 a6 10. a4 Qc7 11. Rfe1 Bd7 12. h3 Rac8 13. Kh2 Nb4 14. e4 e5 15.
Rab1 Qd8 16. b3 Qe7 17. Ne2 Qf8 18. g4 Nc6 19. Ng3 b6 20. Be3 h6 21. g5 hxg5
22. Bxg5 a5 23. Be3 Nd8 24. Rg1 Ne6 25. Nh4 Kh7 26. Bf1 Bh6 27. Be2 Nd4 28. Rg2
Bxe3 29. fxe3 Nxe2 30. Nxe2 Qh6 31. Qe1 Qxe3 32. Qf1 Qxh3+ 33. Kg1 Qe3+ 34. Kh1
Qh3+ 35. Rh2 Qxf1+ 36. Rxf1 Kg7 37. Ng3 Ng4 38. Nhf5+ gxf5 39. Rg2 Rh8+ 40. Kg1
f4 41. Nf5+ Bxf5 42. exf5 Rh4 43. Rf3 Rch8 44. Kf1 Kf6 45. Ke2 Kxf5 46. Kd2 Ne3
47. Rgf2 Rh2 48. Ke2 Rxf2+ 49. Rxf2 Kg4 50. Kd2 Kg3 51. Re2 Rh2 52. Rxh2 Kxh2
53. Ke2 Kg2 0-1

[Event "Xtracon Chess Open 2016"]
[Site "Elsinore"]
[Date "2016.07.27"]
[Round "6.149"]
[White "Maselli, David"]
[Black "Moller, Arne"]
[Result "0-1"]
[WhiteElo "1567"]
[BlackElo "1843"]
[PlyCount "80"]
[EventDate "2016.07.23"]

1. d4 Nf6 2. Nc3 d5 3. Bg5 e6 4. e4 dxe4 5. Nxe4 Be7 6. Bxf6 Bxf6 7. Nf3 O-O 8.
c3 Nd7 9. Bd3 g6 10. Qd2 Bg7 11. h4 Nf6 12. O-O-O Nxe4 13. Bxe4 f5 14. Bc2 a5
15. h5 Bd7 16. hxg6 hxg6 17. Ne5 Be8 18. Qd3 Bxe5 19. dxe5 Qxd3 20. Rxd3 Bc6
21. Rg3 Kg7 22. Bb3 a4 23. Bd1 Rh8 24. Rgh3 Rxh3 25. Rxh3 Bxg2 26. Rg3 Bc6 27.
Bh5 Be8 28. Bf3 Ra5 29. Bxb7 Rxe5 30. Rd3 Bb5 31. Rd4 c5 32. Rd6 Bc4 33. a3 Bb3
34. Ra6 Re2 35. f3 Rc2+ 36. Kb1 Rh2 37. Kc1 Kf6 38. Bc6 Rc2+ 39. Kb1 Rd2 40.
Bxa4 Rd1# 0-1

[Event "Xtracon Chess Open 2016"]
[Site "Elsinore"]
[Date "2016.07.27"]
[Round "6.150"]
[White "Skjolingstad, Sverre"]
[Black "Rasmussen, Henrik"]
[Result "1-0"]
[WhiteElo "1509"]
[BlackElo "1833"]
[PlyCount "65"]
[EventDate "2016.07.23"]

1. e4 c5 2. Nf3 d6 3. d4 cxd4 4. Nxd4 Nf6 5. Nc3 a6 6. Be2 g6 7. Be3 Bg7 8. Qd2
Nc6 9. O-O-O Bd7 10. h4 h5 11. f3 Ne5 12. Rdg1 Qc7 13. Nd5 Nxd5 14. exd5 Nc4
15. Bxc4 Qxc4 16. Nb3 a5 17. Bd4 Bh6 18. Be3 Bxe3 19. Qxe3 Rc8 20. Qd2 Bf5 21.
Nd4 Qxa2 22. Kd1 Bxc2+ 23. Nxc2 Rc5 24. Ne3 Qb3+ 25. Ke2 O-O 26. Rc1 Rfc8 27.
Rxc5 Rxc5 28. Rc1 Qb5+ 29. Kf2 b6 30. Rxc5 dxc5 31. Qc3 a4 32. Nc4 Qa6 33. Na3
1-0

[Event "Xtracon Chess Open 2016"]
[Site "Elsinore"]
[Date "2016.07.27"]
[Round "6.151"]
[White "Kristian, Pade Frederiksen"]
[Black "Ronnestad, Liam Jansson"]
[Result "0-1"]
[WhiteElo "1832"]
[BlackElo "1502"]
[PlyCount "106"]
[EventDate "2016.07.23"]

1. Nf3 c5 2. c4 g6 3. g3 Bg7 4. Bg2 Nc6 5. Nc3 e6 6. d3 Nge7 7. O-O O-O 8. Be3
b6 9. Qc1 d5 10. Bh6 Bb7 11. Bxg7 Kxg7 12. b3 Qd7 13. h4 h5 14. Qf4 Rad8 15.
Rad1 Ba8 16. cxd5 Nxd5 17. Nxd5 exd5 18. d4 Rfe8 19. Qd2 f6 20. e3 Bb7 21. Rc1
Qd6 22. Rfd1 Ne7 23. dxc5 bxc5 24. Qa5 Rc8 25. Qxa7 Rc7 26. Qa3 Ra8 27. Qb2 Qa6
28. Rc2 Kf7 29. Qc1 Qb5 30. Ne1 Qb4 31. Nd3 Qb6 32. Rdd2 Rac8 33. Bh3 f5 34.
Ne5+ Kf6 35. Qb2 d4 36. exd4 cxd4 37. Rxc7 Qxc7 38. Qxd4 Qxe5 39. Qxe5+ Kxe5
40. Rd7 Rc1+ 41. Bf1 Ba6 42. Rxe7+ Kf6 43. Ra7 Bxf1 44. b4 Bc4+ 45. Kg2 Bd5+
46. f3 Rc2+ 47. Kf1 Rxa2 48. Rd7 Bxf3 49. Rd6+ Kf7 50. Rd7+ Ke6 51. Rd4 Rb2 52.
Kg1 Bd5 53. Rf4 Rg2+ 0-1

[Event "Xtracon Chess Open 2016"]
[Site "Elsinore"]
[Date "2016.07.27"]
[Round "6.152"]
[White "Fridthjofsdottir, Sigurl. Regina"]
[Black "Linjord, David Jess"]
[Result "1-0"]
[WhiteElo "1815"]
[BlackElo "1488"]
[PlyCount "87"]
[EventDate "2016.07.23"]

1. e4 e6 2. d3 c5 3. Nf3 Nc6 4. Nbd2 g6 5. g3 Bg7 6. Bg2 Nge7 7. O-O O-O 8. Re1
d6 9. c3 b6 10. Nf1 Bb7 11. Bg5 Qc7 12. Qd2 f5 13. Bh6 d5 14. Bxg7 Kxg7 15. Ng5
Nd8 16. exf5 exf5 17. d4 c4 18. Re2 h6 19. Rae1 Re8 20. Ne6+ Nxe6 21. Rxe6 Rad8
22. Qe2 Rd7 23. Nd2 f4 24. Bh3 fxg3 25. hxg3 Qd8 26. Nf3 Rc7 27. Nh4 Bc8 28.
Qe5+ Kh7 29. Rd6 Bd7 30. Bxd7 Rxd7 31. Rxd7 Qxd7 32. Qe6 Qxe6 33. Rxe6 g5 34.
Nf5 Kg8 35. Rxe7 Rxe7 36. Nxe7+ Kf7 37. Nxd5 b5 38. Nc7 a6 39. Nxa6 Ke7 40. Kg2
g4 41. f3 h5 42. fxg4 hxg4 43. Kf2 Ke6 44. Ke3 1-0

[Event "Xtracon Chess Open 2016"]
[Site "Elsinore"]
[Date "2016.07.27"]
[Round "6.153"]
[White "Nielsen, Henrik Wendelbo"]
[Black "Janse, Circe"]
[Result "1-0"]
[WhiteElo "1815"]
[BlackElo "1427"]
[PlyCount "89"]
[EventDate "2016.07.23"]

1. d4 d5 2. c4 e5 3. dxe5 d4 4. a3 Nc6 5. Nf3 Bg4 6. Nbd2 g6 7. h3 Bxf3 8. Nxf3
Bg7 9. Bg5 Qd7 10. e3 Bxe5 11. Nxe5 Nxe5 12. Qxd4 Qxd4 13. exd4 Nc6 14. O-O-O
f6 15. Re1+ Nce7 16. Be3 O-O-O 17. g3 Nf5 18. d5 Nxe3 19. Rxe3 Nh6 20. Bg2 Rhe8
21. Rhe1 Kd7 22. h4 Rxe3 23. Rxe3 Re8 24. Bh3+ f5 25. Rxe8 Kxe8 26. Kd2 Ke7 27.
Ke3 Kf6 28. f4 Nf7 29. c5 b6 30. b4 Nd8 31. Bg2 Ke7 32. Kd4 h5 33. Bf3 Nf7 34.
Be2 Nd8 35. Bc4 Nb7 36. Ba6 Nd8 37. Bc8 Nf7 38. Ba6 Nd8 39. a4 Nf7 40. a5 Kd7
41. Bc4 Nd8 42. axb6 axb6 43. Ke5 Ke7 44. d6+ cxd6+ 45. cxd6+ 1-0